Les prénoms des champions olympiques suisses 1900-2020 - Statistiques

Statistiques générales
  • Ce quiz a été pris 26 fois
  • Le résultat moyen est 43 sur 169
Statistiques - réponses
Année Discipline Prénom et nom % Correct
1900 Tir {Louis-Marc} Richardet (2 titres)
85%
1992 Tennis {Marc} Rosset
85%
1998 Curling {Daniel} Müller
75%
2018 Ski alpin {Daniel} Yule
75%
2008 Tennis {Roger} Federer
75%
1960 Ski alpin {Roger} Staub
75%
2022 Ski alpin {Marco} Odermatt
70%
2002 Saut à ski {Simon} Amman (2 titres)
70%
2010 Saut à ski {Simon} Amman (2 titres)
70%
2016 Aviron {Simon} Niepmann
70%
2016 Aviron {Simon} Schürch
70%
2022 Ski alpin {Beat} Feuz
65%
2014 Bobsleigh {Beat} Hefti
65%
2010 Ski de fond {Dario} Cologna
65%
2018 Ski de fond {Dario} Cologna
65%
2014 Ski de fond {Dario} Cologna (2 titres)
65%
2010 Ski alpin {Didier} Défago
65%
1948 Gymnastique - Anneaux {Karl} Frei
65%
1928 Aviron {Karl} Schöchlin
65%
2022 Ski alpin {Lara} Gut-Behrami
65%
2018 Ski alpin {Luca} Aerni
65%
2018 Ski alpin {Ramon} Zenhäusern
65%
2008 Tennis {Stanislas} Wawrinka
65%
2010 Ski alpin {Carlo} Janka
60%
2022 Ski alpin {Corinne} Suter
60%
2022 Ski acrobatique {Mathilde} Gremaud
60%
2018 Ski alpin {Wendy} Holdener
60%
2020 Tennis {Belinda} Bencic
55%
2014 Ski alpin {Dominique} Gisin
55%
1996 Cyclisme - Route {Fabian} Cancellara
55%
2012 Equitation - Sauts d'obstacles {Steve} Guerdat
55%
2018 Ski alpin {Michele} Gisin
50%
2022 Ski alpin {Michele} Gisin
50%
2012 Triathlon {Nicola} Spirig
50%
1928 Aviron {Hans} Bourquin
45%
1952 Gymnastique - Barres parallèles {Hans} Eugster
45%
1928 Gymnastique - concours général {Hans} Grieder
45%
1972 Bobsleigh {Hans} Leutenegger
45%
1948 Equitation - Dressage {Hans} Moser
45%
1928 Aviron {Hans} Schöchlin
45%
1920 Aviron {Hans} Walter
45%
1924 Aviron {Hans} Walter
45%
1972 Bobsleigh {Jean} Wicki
45%
2020 Cyclisme - VTT {Jolanda} Neff
45%
2016 Cyclisme - VTT {Nino} Schurter
45%
1988 Ski alpin {Pirmin} Zurbriggen
45%
2018 Ski acrobatique {Sarah} Höffin
45%
1924 Ski militaire {Denis} Vaucher
40%
1998 Curling {Patrick} Hürlimann
40%
1998 Curling {Patrik} Lôrtscher
40%
2022 Ski acrobatique {Ryan} Regez
40%
2014 Ski alpin {Sandro} Viletta
40%
1900 Voile {Bernard} de Pourtalès
35%
2018 Ski alpin {Denise} Feierabend
35%
1996 Aviron {Michael} Gier
35%
1948 Gymnastique - Barres parallèles {Michael} Reusch
35%
2010 Ski acrobatique {Michael} Schmid
35%
1972 Ski alpin {Bernhard} Russi
30%
1972 Ski alpin {Marie-Thérèse} Nadig (2 titres)
30%
2020 Tir {Nina} Christen
30%
1996 Cyclisme - Route {Pascal} Richard
30%
1936 Bobsleigh {Pierre} Musy
30%
1900 Tir {Franz} Böckli
25%
1956 Bobsleigh {Franz} Kapus
25%
2014 Snowboard {Iouri} Podladtchikov
25%
1988 Ski alpin {Vreni} Schneider
25%
1994 Ski alpin {Vreni} Schneider
25%
1896 Gymnastique - Barres parallèles {Louis} Zutter
20%
2014 Snowboard {Patrizia} Kummer
20%
1900 Tir {Paul} Probst
20%
1920 Aviron {Paul} Rudolf
20%
1920 Aviron {Paul} Staub
20%
2002 Snowboard {Philipp} Schoch
20%
2006 Snowboard {Philipp} Schoch
20%
1956 Bobsleigh {Robert} Alt
20%
1980 Cyclisme - Piste {Robert} Dill-Bundi
20%
1920 Lutte libre {Robert} Roth
20%
1936 Bobsleigh {Charles} Bouvier
15%
1998 Curling {Dominic} Andres
15%
1996 Gymnastique - Cheval d'arçon {Donghua} Li
15%
1928 Gymnastique - Barre fixe {Georges} Miez
15%
1936 Gymnastique - Sol {Georges} Miez
15%
1928 Gymnastique - concours général {Georges} Miez (2 titres)
15%
1998 Snowboard {Gian} Simmen
15%
1992 Bobsleigh {Gustav} Weder
15%
1994 Bobsleigh {Gustav} Weder
15%
1952 Gymnastique - Barre fixe {Jack} Günthard
15%
1936 Bobsleigh {Joseph} Beerli
15%
1980 Bobsleigh {Joseph} Benz
15%
2016 Aviron {Lucas} Tramer
15%
1984 Ski alpin {Michela} Figini
15%
2018 Snowboard {Nevin} Galmarini
15%
1904 Gymnastique - Combiné 3 épreuves {Adolf} Spinnler
10%
1924 Ski militaire {Alfred} Aufdenblatten
10%
1924 Aviron {Alfred} Felber
10%
1900 Tir {Alfred} Grüter
10%
1924 Bobsleigh {Alfred} Neveu
10%
1924 Aviron {Alfred} Probst
10%
1924 Bobsleigh {Alfred} Schläppi
10%
1994 Ski acrobatique {Andreas} Schönbächler
10%
1924 Ski militaire {Antoine} Julen
10%
1976 Equitation - Dressage {Christine} Stückelberger
10%
1992 Bobsleigh {Donat} Acklin
10%
1994 Bobsleigh {Donat} Acklin
10%
1924 Aviron {Edouard} Candeveau
10%
1928 Lutte libre {Ernst} Kyburz
10%
1924 Lutte libre {Fritz} Hagmann
10%
1976 Ski alpin {Heini} Hemmi
10%
1964 Equitation - Dressage {Henri} Chammartin
10%
1988 Combiné nordique {Hippolyt} Kempf
10%
1980 Judo {Jürg} Röthlisberger
10%
1956 Ski alpin {Madeleine} Berthod (2 titres)
10%
1988 Bobsleigh {Marcel} Fassler
10%
2004 Escrime- Epée {Marcel} Fischer
10%
1996 Aviron {Markus} Gier
10%
1984 Ski alpin {Max} Julen
10%
1920 Aviron {Max} Rudolf
10%
1956 Ski alpin {Renée} Colliard
10%
2006 Snowboard {Tanja} Frieden
10%
1924 Aviron {Walter} Loosli
10%
1972 Bobsleigh {Werner} Camichel
10%
1988 Bobsleigh {Werner} Stocker
10%
1920 Aviron {Willy} Brüderlin
10%
1996 Aviron {Xeno} Müller
10%
2014 Bobsleigh {Alex} Baumann
5%
1924 Equitation - Sauts d'obstacles {Alphonse} Gemuseus
5%
1924 Ski militaire {Alphonse} Julen
5%
1936 Bobsleigh {Arnold} Gartmann
5%
1900 Gymnastique - Barres parallèles {August} Güttinger
5%
1928 Gymnastique - concours général {August} Güttinger
5%
2000 Triathlon {Brigitte} McMahon
5%
1998 Curling {Diego} Perren
5%
1948 Ski alpin {Edi} Reinalter
5%
1972 Bobsleigh {Edy} Hubacher
5%
1988 Bobsleigh {Ekkehard} Fasser
5%
1948 Tir {Emil} Grünig
5%
1900 Tir {Emil} Kellenberger (2 titres)
5%
1924 Aviron {Emil} Lachapelle
5%
1980 Bobsleigh {Erich} Schärer
5%
1900 Triathlon {Hermann} de Pourtalès
5%
1924 Lutte libre {Hermann} Gehri
5%
1928 Gymnastique - Cheval d'arçon {Hermann} Hanggi
5%
1928 Gymnastique - concours général {Hermann} Hanggi
5%
1948 Gymnastique - Barre fixe {Josef} Stalder
5%
1924 Gymnastique - Cheval d'arçon {Josef} Wilhelm
5%
1988 Bobsleigh {Kurt} Meier
5%
2006 Skeleton {Maya} Pedersen
5%
1928 Gymnastique - concours général {Melchior} Wezel
5%
1928 Gymnastique - concours général {Otto} Pfister
5%
2006 Snowboard {Daniela} Meuli
0%
1924 Bobsleigh {Eduard} Scherrer
0%
1928 Gymnastique - concours général {Eduard} Steinemann
0%
1924 Aviron {Emile} Albrecht
0%
1928 Gymnastique - concours général {Eugen} Mack
0%
1928 Gymnastique - Saut de cheval {Eugen} Mack
0%
1924 Aviron {Eugen} Sigg-Bachthold
0%
2006 Ski acrobatique {Evelyne} Leu
0%
1948 Bobsleigh {Felix} Endrich
0%
1900 Tir {Friedrich} Lüthi
0%
1948 Bobsleigh {Friedrich} Waller
0%
1956 Bobsleigh {Gottfried} Diener
0%
1948 Ski alpin {Hedy} Schlunegger
0%
1956 Bobsleigh {Heinrich} Angst
0%
1924 Bobsleigh {Heinrich} Schläppi
0%
1900 Triathlon {Hélène} de Pourtalès
0%
1900 Tir {Karl Conrad} Roderer (2 titres)
0%
1900 Tir {Konrad} Staheli (3 titres)
0%
2016 Aviron {Mario} Gyr
0%
1960 Ski alpin {Yvonne} Ruegg
0%
Aucun quiz correspondant
Distribution des résultats
% des personnes avec chaque résultat
Percentile par nombre de réponses
Votre historique - résultats
Vous n’avez pas pris ce quiz